| 000 | 00743nam a2200229 a 4500 | ||
|---|---|---|---|
| 001 | 000019593 | ||
| 005 | 20200929170053.0 | ||
| 008 | 100630s1968 sp r 000 p spa d | ||
| 040 |
_aDO-SdBNP _bspa _cBNPHU |
||
| 082 |
_a861.1 _bC784s |
||
| 245 | 0 | 0 |
_aCoplas satíricas y dramáticas de la edad media / _cprólogo Eduardo Rincón. |
| 260 |
_aMadrid : _bAlianza Editorial, _c1968. |
||
| 300 |
_a208 p. ; _c18 cm. |
||
| 490 | 1 | _aEl libro de bolsillo | |
| 500 | _aIncluye cuadro cronológico [p. 199-204] | ||
| 500 | _aIncluye bibliografía [p. 205-206] | ||
| 650 | 4 |
_aPoesía española _9631 |
|
| 650 | 4 |
_aLiteratura española _9632 |
|
| 700 | 1 |
_aRincón, Eduardo, _epról. _942017 |
|
| 830 | 0 |
_aEl libro de bolsillo _94072 |
|
| 049 | _aBNGR | ||
| 999 |
_c19109 _d19109 |
||